Sipahi ki kalam se: सिपाही की कलम से (Record no. 224222)
[ view plain ]
| 000 -LEADER | |
|---|---|
| fixed length control field | 00760nam a22002057a 4500 |
| 005 - DATE AND TIME OF LATEST TRANSACTION | |
| control field | 20220727102756.0 |
| 008 - FIXED-LENGTH DATA ELEMENTS--GENERAL INFORMATION | |
| fixed length control field | 220727b ||||| |||| 00| 0 eng d |
| 040 ## - CATALOGING SOURCE | |
| Transcribing agency | Aloy |
| 041 ## - LANGUAGE CODE | |
| Language code of text/sound track or separate title | hin |
| 082 ## - DEWEY DECIMAL CLASSIFICATION NUMBER | |
| Edition number | 23 |
| Classification number | H891.1 |
| Item number | TYAS |
| 100 ## - MAIN ENTRY--PERSONAL NAME | |
| Personal name | Narendr Tyagi: नरेंद्र त्यागी |
| 100 ## - MAIN ENTRY--PERSONAL NAME | |
| 9 (RLIN) | 53473 |
| 245 ## - TITLE STATEMENT | |
| Title | Sipahi ki kalam se: सिपाही की कलम से |
| 260 ## - PUBLICATION, DISTRIBUTION, ETC. | |
| Place of publication, distribution, etc. | Nayi Dilli |
| Name of publisher, distributor, etc. | Story Tellers |
| Date of publication, distribution, etc. | 2003 |
| 300 ## - PHYSICAL DESCRIPTION | |
| Extent | xxi,317p. |
| Other physical details | HB |
| Dimensions | 21x13cm. |
| 365 ## - TRADE PRICE | |
| Source of price type code | Hindi |
| Price amount | 150.00 |
| Currency code | ₹ |
| Unit of pricing | 150.00 |
| 650 ## - SUBJECT ADDED ENTRY--TOPICAL TERM | |
| Topical term or geographic name entry element | Hindi Poetry: हिंदी कविता |
| 9 (RLIN) | 53474 |
| 650 ## - SUBJECT ADDED ENTRY--TOPICAL TERM | |
| Topical term or geographic name entry element | Hindi Literature: हिंदी साहित्य |
| 9 (RLIN) | 53475 |
| 700 ## - ADDED ENTRY--PERSONAL NAME | |
| Personal name | Narendr Tyagi: त्यागी (नरेंद्र) |
| 9 (RLIN) | 53476 |
| 942 ## - ADDED ENTRY ELEMENTS (KOHA) | |
| Source of classification or shelving scheme | Dewey Decimal Classification |
| Koha item type | George Fernandes Collections |
| Withdrawn status | Lost status | Source of classification or shelving scheme | Damaged status | Not for loan | Collection code | Home library | Current library | Date acquired | Total Checkouts | Full call number | Barcode | Date last seen | Price effective from | Koha item type |
|---|---|---|---|---|---|---|---|---|---|---|---|---|---|---|
| Dewey Decimal Classification | Hindi | St Aloysius Library | St Aloysius Library | 03/24/2013 | H891.1 TYAS | GF02644 | 07/27/2022 | 07/27/2022 | George Fernandes Collections |